Nursing research : an introduction. (2nd ed.) (Record no. 32219)

MARC details
000 -LEADER
fixed length control field 00864nam a2200241 a 4500
008 - FIXED-LENGTH DATA ELEMENTS--GENERAL INFORMATION
fixed length control field 170526s2014 ||||||||||||||||| || u
010 ## - LIBRARY OF CONGRESS CONTROL NUMBER
LC control number 2013938045
020 ## - INTERNATIONAL STANDARD BOOK NUMBER
International Standard Book Number 9781446240991
020 ## - INTERNATIONAL STANDARD BOOK NUMBER
International Standard Book Number 9781446240984
050 ## - LIBRARY OF CONGRESS CALL NUMBER
Classification number RT 81.5 Mou
100 ## - MAIN ENTRY--PERSONAL NAME
Personal name Moule, Pam
245 10 - TITLE STATEMENT
Title Nursing research : an introduction. (2nd ed.)
Statement of responsibility, etc. Pam Moule and Margaret Goodman
Medium [unmediated]
250 ## - EDITION STATEMENT
Edition statement 2nd ed
260 ## - PUBLICATION, DISTRIBUTION, ETC.
Place of publication, distribution, etc. Los Angeles
Name of publisher, distributor, etc. SAGE Publications
Date of publication, distribution, etc. 2014
300 ## - PHYSICAL DESCRIPTION
Extent xxiv, 472 pages : illustrations
350 ## -
-- 59.52
500 ## - GENERAL NOTE
General note Includes index
650 #0 - SUBJECT ADDED ENTRY--TOPICAL TERM
Topical term or geographic name entry element NURSING - RESEARCH
650 #0 - SUBJECT ADDED ENTRY--TOPICAL TERM
Topical term or geographic name entry element NURSING - RESEARCH - METHODOLOGY
700 ## - ADDED ENTRY--PERSONAL NAME
Personal name Goodman, Margaret
995 ## -
-- MEDICAL LIBRARY OPEN ACCESS
-- 904083
-- CBU-SCHOOL OF MEDICINE LIBRARY (Ndola)
-- 59.52
-- RT 81.5 Mou
-- 1
-- AVAILABLE
-- May 24, 2017
-- 904083
-- Medical Library Open Access Collection
999 ## -
-- 32219
-- 32219
Holdings
Withdrawn status Lost status Source of classification or shelving scheme Damaged status Not for loan Permanent Location Current Location Shelving location Date acquired Total Checkouts Full call number Barcode Date last seen Price effective from Koha item type
          CBU-SCHOOL OF MEDICINE LIBRARY, NDOLA. CBU-SCHOOL OF MEDICINE LIBRARY, NDOLA.   11/30/2022   RT 81.5 Mou 904083 11/30/2022 11/30/2022 MONOGRAPH